Albanian provinces but without a map - Statistics

General Stats
  • This quiz has been taken 156 times
  • The average score is 9 of 12
Answer Stats
Answer % Correct
Tirana
94%
Durrës
90%
Shkodër
82%
Vlore
77%
Elbasan
71%
Kukës
71%
Berat
70%
Fier
70%
Gjirokastër
70%
Korçë
67%
Lezhë
67%
Dibër
62%
No matching quizzes found
Score Distribution
Percent of People with Each Score
Percentile by Number Answered
Your Score History
You have not taken this quiz